01579nam a2200385Ia 4500001001200000003000800012006001900020007001500039008004100054010001700095020001500112020001500127020001500142040002100157035002000178050002500198082001400223245014500237260005600382300003000438490004200468500011700510504006400627533015200691650002200843650002400865650002200889650002400911655002900935700002600964710001700990830004301007856012601050999001701176ebr10074316CaPaEBRm u cr cn|||||||||990503s1999 utuab sb s001 0 eng d z 99015804  z0874806321 z0874806070 z087480633X aCaPaEBRcCaPaEBR a(OCoLC)4347641914aCC79.E85bM38 1999eb04a930.122100aMaterial meaningsh[electronic resource] :bcritical approaches to the interpretation of material culture /cedited by Elizabeth S. Chilton. aSalt Lake City :bUniversity of Utah Press,cc1999. aix, 177 p. :bill., maps.1 aFoundations of archaeological inquiry aPapers originally presented at the 1996 meeting of the Society for American Archaeology held in New Orleans, La. aIncludes bibliographical references (p. 142-174) and index. aElectronic reproduction.bPalo Alto, Calif. :cebrary,d2009.nAvailable via World Wide Web.nAccess may be limited to ebrary affiliated libraries. 0aEthnoarchaeology. 0aSocial archaeology. 0aMaterial culture. 0aCeramicsxAnalysis. 7aElectronic books.2local1 aChilton, Elizabeth S.2 aebrary, Inc. 0aFoundations of archaeological inquiry.40uhttp://site.ebrary.com/lib/rucke/Doc?id=10074316zAn electronic book accessible through the World Wide Web; click to view c45066d45066